Capacitación de vendedores: entrenamiento en el campo de trabajo
Salvato in:
| Autore principale: | |
|---|---|
| Natura: | Libro |
| Lingua: | spagnolo |
| Pubblicazione: |
Bogotá
Norma
1988
|
| Edizione: | 1a. ed |
| Soggetti: | |
| Tags: |
Aggiungi Tag
Nessun Tag, puoi essere il primo ad aggiungerne!!
|
MARC
| LEADER | 00000cam a2200000 a 4500 | ||
|---|---|---|---|
| 001 | UCX4419 | ||
| 003 | CL-VaPUC | ||
| 008 | 920511e19880000CK |||||||||||||||||spa|d | ||
| 020 | |a 9580405700 | ||
| 082 | 0 | 4 | |a 658.81 |b LID |2 21 |
| 100 | 0 | |a Lidstone, John |e author |9 320588 | |
| 245 | 1 | 0 | |a Capacitación de vendedores: entrenamiento en el campo de trabajo |
| 250 | |a 1a. ed | ||
| 300 | |a 279 p | ||
| 942 | |c BK | ||
| 945 | |d 19920511 00:00:00 | ||
| 260 | |a Bogotá |b Norma |c 1988 | ||
| 650 | 0 | |a Vendedores |x Arte de vender |9 320589 | |
| 650 | 0 | |a Personal de ventas |9 320590 | |
| 650 | 0 | |a Administración de ventas |9 260055 | |
| 583 | |a last modification |c 20170227 01:04:07 |k Rodrigo Vera | ||
| 999 | |c 224878 |d 224876 | ||
| 952 | |0 0 |1 0 |4 0 |6 658_810000000000000_LID_1988 |7 0 |8 A |9 221896 |a BIBENE |b BIBENE |d 2019-11-15 |i 290778K |o 658.81 LID 1988 |p 290778K |r 2025-01-15 |w 2019-11-15 |y BK |k ICO | ||
| 952 | |0 0 |1 0 |3 erb |4 0 |6 658_810000000000000_LID_1988 |7 0 |8 A |9 221897 |a BIBENE |b BIBENE |i 5328985 |o 658.81 LID 1988 |p 5328985 |r 2025-01-15 |w 2019-11-15 |y BK |z Catalogado en:20170303 |k ICO | ||